The life of Miranda / (Record no. 131121)
[ view plain ]
| 000 -LEADER | |
|---|---|
| campo de control de longitud fija | 00634nam a2200193 i 4500 |
| 001 - NÚMERO DE CONTROL | |
| campo de control | 131121 |
| 003 - IDENTIFICADOR DE NÚMERO DE CONTROL | |
| campo de control | ES-MaACL |
| 005 - FECHA Y HORA DE LA ÚLTIMA TRANSACCIÓN | |
| campo de control | 20251003192803.0 |
| 007 - CAMPO FIJO DE DESCRIPCIÓN FÍSICA--INFORMACIÓN GENERAL | |
| campo de control de longitud fija | t| |
| 008 - DATOS DE LONGITUD FIJA--INFORMACIÓN GENERAL | |
| campo de control de longitud fija | 070214s1929 xxu r ||||1| eng d |
| 100 1# - ENTRADA PRINCIPAL--NOMBRE DE PERSONA | |
| Nombre de persona | Robertson, William Spence. |
| 9 (RLIN) | 97860 |
| 245 14 - MENCIÓN DEL TÍTULO | |
| Título | The life of Miranda / |
| Mención de responsabilidad, etc. | by William Spence Robertson. |
| 260 ## - PUBLICACIÓN, DISTRIBUCIÓN, ETC. | |
| Lugar de publicación, distribución, etc. | Chapel Hill : |
| Nombre del editor, distribuidor, etc. | University of North Carolina Press, |
| Fecha de publicación, distribución, etc. | 1929. |
| 300 ## - DESCRIPCIÓN FÍSICA | |
| Extensión | 2 v. ; |
| Dimensiones | 24 x 19 cm. |
| 600 17 - PUNTO DE ACCESO ADICIONAL DE MATERIA--NOMBRE DE PERSONA | |
| Nombre de persona | Miranda, Francisco de, |
| Fechas asociadas al nombre | 1750-1816- |
| Subdivisión de forma | Biografías |
| Fuente del encabezamiento o término | |
| 9 (RLIN) | 129975 |
| 710 2# - ENTRADA AGREGADA--NOMBRE DE ENTIDAD CORPORATIVA | |
| Nombre de entidad corporativa o nombre de jurisdicción como elemento de entrada | University of North Carolina at Chapel Hill. |
| 9 (RLIN) | 7513 |
| 852 ## - LOCALIZACIÓN | |
| Ubicación | ES-MaACL |
| Número de control de estantería | A-39-40 |
| Estatus retirado | Estado de pérdida | Estado de daño | No para préstamo | Biblioteca de origen | Biblioteca actual | Ubicación en estantería | Fecha de adquisición | Fuente de adquisición | Total de préstamos | Signatura topográfica completa | Código de barras | Visto por última vez | Precio de reemplazo | Tipo de ítem Koha |
|---|---|---|---|---|---|---|---|---|---|---|---|---|---|---|
| Biblioteca del Ateneo de Madrid | Biblioteca del Ateneo de Madrid | Sala Pecera Planta 1 | 17/01/2008 | A-39-40 | 1136512 | 23/02/2023 | 23/02/2023 | Libro impreso |
